00305 a2200133 450000100060000002000060000604000370001210000300004924000250007924500200010430000070012436200090013165000310014072715 a  cAnchieta - Colégio São Paulo aMaia, Ana Isabelle Aguiar10aPensando bem...lpor10aPensando bem... a240 a2003 4aLiteratura infanto-juvenil